| 000 | 00357nam a22001217a 4500 | ||
|---|---|---|---|
| 008 | 230704b xxu||||| |||| 00| 0 eng d | ||
| 082 |
_a341.24 _bEAC |
||
| 110 | _bCKRC | ||
| 245 |
_aReport of the constitution of Kenya review commission _bvolume two _cThe draft bill to Amend the constitution |
||
| 260 |
_bCKRC _cApril 2003 |
||
| 300 | _a273p | ||
| 942 |
_2ddc _cBK |
||
| 999 |
_c3802 _d3802 |
||